00296nam a2200109Ia 4500008004100000100004000041245004200081260002300123650001500146942000800161999001700169190216s9999||||xx |||||||||||||| ||und|| a"Lizziamma. Revathy, Arumugam, Etc" 0aSuper Guide For Medical College Exams bSaras Publications aReferences cREF c35528d35528